00589nam a22001097a 4500040000800000082002700008100004300035245026500078260002600343300002300369856008700392 cRUA aAGR KET 2017 B636 Or.1 aKET SINAN កេត ស៊ីណាន acomparison of different rates of chicken manures on bunchinng onion ( Allium fistulosum L.) ការប្រៀធៀបកម្រិតខុសៗគ្នានៃជីលាមកមាន់នៅលើដាំណាំខ្ទឹមស្លឹក aRUAbphnom penhc2017 axi;36pbill;c29cm uhttps://drive.google.com/file/d/12cIkDQ92X_EO3uck1FHAEl118ts2MKzT/view?usp=sharing